|
|
|
|
| LEADER |
006730000a22002170004500 |
| 020 |
|
|
|a 978-81-264-1880-0
|
| 040 |
|
|
|a MAL
|
| 082 |
|
|
|a 823 LAW/R 32P8
|
| 100 |
|
|
|a Lawrence, D H; Author
|
| 100 |
|
|
|a Thankam Nair; Translator
|
| 240 |
|
|
|a Rainbow: novel
|l ENG
|
| 245 |
|
|
|a Mazhavillu: novel
|
| 250 |
|
|
|a 2nd ed
|
| 260 |
|
|
|a Kottayam, D C Books
|
| 260 |
|
|
|c 2008
|
| 460 |
|
|
|a 110p
|
| 465 |
|
|
|a Rs.50.00
|
| 500 |
|
|
|a D H Lawrence; retold by Thankam Nair
|
| 650 |
|
|
|a English fiction
|
| 999 |
|
|
|c 43308
|d 43308
|
| 952 |
|
|
|0 0
|1 0
|4 0
|6 823_000000000000000_LAWR_32P8
|7 0
|8 MAL
|9 43947
|a MGUL
|b MGUL
|d 2013-07-16
|e Rs.50.00
|l 5
|m 1
|o 823 LAW/R 32P8
|p 41743
|r 2017-10-09
|s 2017-09-15
|w 2013-07-16
|y BK
|